Statistics for 山东省辖县级行政区地图 County-level administrative divisions of Shandong

Click here to take the quiz!

General Stats

  • This quiz has been taken 92 times
  • The average score is 83 of 136

Answers on the Map

Answers color-coded by a green-red scale on the quiz's map according to % correct below.
 

Answer Stats

县级类县级% Correct
市辖区莱芜区
93%
市辖区蓬莱区
91%
市辖区黄岛区
87%
市辖区泰山区
87%
县级市曲阜市
84%
市辖区历下区
84%
市辖区钢城区
82%
县级市荣成市
82%
曹县
82%
市辖区崂山区
82%
市辖区即墨区
80%
微山县
80%
县级市寿光市
78%
市辖区临淄区
78%
县级市青州市
78%
市辖区历城区
78%
县级市海阳市
78%
市辖区市中区
78%
市辖区芝罘区
78%
莒县
76%
市辖区章丘区
76%
县级市乳山市
76%
县级市胶州市
73%
市辖区济阳区
73%
县级市莱西市
73%
县级市莱州市
73%
市辖区台儿庄区
73%
县级市滕州市
73%
县级市莱阳市
73%
市辖区天桥区
71%
市辖区市南区
71%
市辖区兖州区
71%
市辖区文登区
71%
市辖区市北区
71%
县级市平度市
71%
市辖区东营区
71%
县级市栖霞市
71%
市辖区淄川区
69%
县级市招远市
69%
商河县
69%
县级市邹城市
69%
市辖区垦利区
67%
沂水县
67%
县级市高密市
67%
梁山县
67%
市辖区博山区
67%
市辖区张店区
67%
市辖区潍城区
67%
市辖区李沧区
67%
市辖区城阳区
64%
县级市龙口市
64%
市辖区福山区
64%
东阿县
64%
市辖区环翠区
64%
沂南县
62%
市辖区长清区
62%
市辖区东昌府区
62%
市辖区槐荫区
62%
市辖区周村区
62%
市辖区德城区
62%
市辖区河口区
62%
郓城县
62%
县级市邹平市
60%
市辖区牡丹区
60%
市辖区沾化区
60%
五莲县
60%
市辖区岱岳区
60%
县级市肥城市
60%
市辖区坊子区
58%
县级市新泰市
58%
县级市诸城市
58%
单县
58%
市辖区任城区
58%
市辖区牟平区
58%
市辖区陵城区
58%
莘县
58%
市辖区寒亭区
58%
莒南县
58%
市辖区莱山区
56%
县级市昌邑市
56%
县级市安丘市
56%
市辖区滨城区
56%
齐河县
56%
平原县
56%
广饶县
56%
利津县
56%
市辖区定陶区
56%
泗水县
56%
鱼台县
56%
沂源县
53%
市辖区茌平区
53%
桓台县
53%
惠民县
53%
无棣县
53%
县级市禹城市
53%
平阴县
53%
兰陵县
53%
东平县
53%
蒙阴县
51%
市辖区兰山区
51%
汶上县
51%
昌乐县
51%
临朐县
51%
金乡县
51%
庆云县
51%
市辖区东港区
51%
巨野县
49%
市辖区峄城区
49%
东明县
49%
郯城县
49%
鄄城县
49%
高青县
49%
市辖区奎文区
49%
县级市临清市
49%
嘉祥县
49%
市辖区岚山区
47%
市辖区薛城区
47%
市辖区山亭区
47%
阳谷县
47%
县级市乐陵市
47%
冠县
47%
高唐县
47%
市辖区河东区
47%
费县
44%
阳信县
44%
市辖区罗庄区
44%
武城县
42%
夏津县
42%
临沭县
42%
宁阳县
42%
博兴县
42%
宁津县
38%
成武县
38%
平邑县
38%
临邑县
31%

Score Distribution

Percentile by Number Answered

Percent of People with Each Score

Your Score History

You have not taken this quiz